| 000 | 01467cam a2200337 i 4500 | ||
|---|---|---|---|
| 003 | SA-RiAUC | ||
| 005 | 20251002070720.0 | ||
| 008 | 250728s1991 le g 00000 ara c | ||
| 040 |
_aSA-JeALM _bara _cSA-RiAUC _erda |
||
| 043 | _aa-tu--- | ||
| 050 | 4 | _b.S23 1991 | |
| 082 | 0 | 4 |
_a257.1 _qSA-RiAUC |
| 090 |
_a257.1 _bم ص ط |
||
| 100 | 0 |
_aمصطفى صبري، _d1286-1373 هجري _eمؤلف. |
|
| 245 | 1 | 2 |
_aالنكير على منكري النعمة من الدين والخلافة والأمة / _cتأليف مصطفى صبري ؛ تقديم محمد محمد حسين ؛ صححه وعلق عليه حسن السماحي سويدان. |
| 250 | _aالطبعة الأولى. | ||
| 264 | 1 |
_aبيروت : _aعمان - الاردن : _bدار القادري، _bدار البيارق. _c1998 |
|
| 300 |
_a159 صفحة ؛ _c24 سم |
||
| 336 |
_aنص _btxt _2rdacontent _3كتاب |
||
| 337 |
_aبدون وسيط _bn _2rdamedia |
||
| 338 |
_aمجلد _bnc _2rdacarrier |
||
| 650 | 7 |
_aالخلافة _2aucsh |
|
| 650 | 7 |
_aالإسلام _xجوانب سياسية _2aucsh |
|
| 650 | 7 |
_aالمسألة الشرقية _2aucsh |
|
| 651 | 7 |
_aتركيا _xتاريخ _yالثورة، 1918-1923 _2aucsh |
|
| 651 | 7 |
_aتركيا _xتاريخ _yقرن 20. _2aucsh |
|
| 700 | 1 |
_aحسين، محمد محمد، _d1912-1982 _eمقدم. |
|
| 700 | 1 |
_aسويدان، حسن السماحي _eمصحح. |
|
| 942 |
_2ddc _cBOOK _n0 |
||
| 949 |
_aSA-JeALM _d250728 _uosman123 _n1 |
||
| 999 |
_c12328 _d12328 |
||